Reglamento general de la Exposición Centro-Americana decretada por la Asamblea Legislativa de la República de Guatemala el 8 de mayo de 1894. (Record no. 171769)

MARC details
000 -LEADER
campo de control de longitud fija 00719nam a22001695i 4500
001 - NÚMERO DE CONTROL
campo de control 171769
003 - IDENTIFICADOR DE NÚMERO DE CONTROL
campo de control ES-MaACL
005 - FECHA Y HORA DE LA ÚLTIMA TRANSACCIÓN
campo de control 20230906214727.0
008 - DATOS DE LONGITUD FIJA--INFORMACIÓN GENERAL
campo de control de longitud fija 090529s1896 sp |||| | spa d
245 00 - MENCIÓN DEL TÍTULO
Título Reglamento general de la Exposición Centro-Americana decretada por la Asamblea Legislativa de la República de Guatemala el 8 de mayo de 1894.
260 ## - PUBLICACIÓN, DISTRIBUCIÓN, ETC.
Lugar de publicación, distribución, etc. Madrid :
Nombre del editor, distribuidor, etc. [s.n.],
Fecha de publicación, distribución, etc. 1896 (
Fabricante Tip. de Tomás Minuesa de los Ríos)
300 ## - DESCRIPCIÓN FÍSICA
Extensión 46 p. ;
Dimensiones 23 cm.
611 24 - PUNTO DE ACCESO ADICIONAL DE MATERIA--NOMBRE DE REUNIÓN/CONGRESO
Nombre de congreso/reunión o jurisdicción como elemento de entrada Exposición Centro-Americana.
Fecha del congreso o de la firma del tratado 1897.
Sede del congreso/Lugar de la reunión Guatemala)
9 (RLIN) 140397
710 2# - ENTRADA AGREGADA--NOMBRE DE ENTIDAD CORPORATIVA
Nombre de entidad corporativa o nombre de jurisdicción como elemento de entrada Guatemala.
Unidad subordinada Asamblea Legislativa.
9 (RLIN) 140396
852 ## - LOCALIZACIÓN
Ubicación ES-MaACL
Número de control de estantería T-893-F-5
852 ## - LOCALIZACIÓN
Ubicación ES-MaACL
Número de control de estantería T-808-F-7
Nota libre .- Enc. en un vol. facticio conservando la cub. original
Holdings
Estatus retirado Estado de pérdida Estado de daño No para préstamo Colección Biblioteca de origen Biblioteca actual Ubicación en estantería Fecha de adquisición Fuente de adquisición Total de préstamos Signatura topográfica completa Código de barras Visto por última vez Precio de reemplazo Tipo de ítem Koha
        Colección de folletos Biblioteca del Ateneo de Madrid Biblioteca del Ateneo de Madrid Depósito folletos 09/06/2015     T-808-F-7 1193853 23/02/2023 23/02/2023 Folleto
        Colección de folletos Biblioteca del Ateneo de Madrid Biblioteca del Ateneo de Madrid Depósito folletos 29/05/2009     T-893-F-5 1180266 23/02/2023 23/02/2023 Folleto